000
00227nam a2200109Ia 4500
100
_a
Sharman/ J/C.
942
_c
BK
654
_a
Maching forging.
245
_a
Drop
260
_b
Machinery Publication
_c
2001
546
_a
ENGLISH
999
_c
19980
_d
19980